书目信息 |
| 题名: |
创建系统学
|
|
| 作者: | 钱学森 著 | |
| 分册: | ||
| 出版信息: | 上海 上海交通大学出版社 2007.01 |
|
| 页数: | 443页 | |
| 开本: | 23cm | |
| 丛书名: | 钱学森系统科学思想文库 | |
| 单 册: | ||
| 中图分类: | F204 | |
| 科图分类: | ||
| 主题词: | 国家创新系统--guo jia chuang xin xi tong--理论 | |
| 电子资源: | ||
| ISBN: | 7-313-04592-1 | |
| 000 | 00935nam 2200253 450 | |
| 001 | 012007101249 | |
| 005 | 20071011104127.64 | |
| 010 | @a7-313-04592-1@dCNY58.00 | |
| 100 | @a20070814d2007 km y0chiy0120 ea | |
| 101 | 0 | @achi |
| 102 | @aCN@b310000 | |
| 105 | @aac a 000yy | |
| 200 | 1 | @a创建系统学@Achuang jian xi tong xue@e新世纪版@f钱学森著@Fqian xue sen zhu |
| 210 | @a上海@c上海交通大学出版社@d2007.01 | |
| 215 | @a443页@c图, 肖像@d23cm | |
| 225 | 2 | @a钱学森系统科学思想文库@Aqian xue sen xi tong ke xue si xiang wen ku |
| 320 | @a有书目 (第441-442页)。 | |
| 330 | @a全书共分两篇:论文与讲话篇汇集了钱老42篇讲话与论文;书信篇汇集了就系统学与系统科学研究钱老致77位同志的信函计130余封。附录收录了4篇论文。 | |
| 410 | 0 | @12001 @a钱学森系统科学思想文库 |
| 606 | 0 | @a国家创新系统@Aguo jia chuang xin xi tong@x理论 |
| 690 | @aF204@v4 | |
| 701 | 0 | @a钱学森@Aqian xue sen@4著 |
| 801 | 0 | @aCN@c20071011 |
| 905 | @dF204@eQ256 | |
| 创建系统学:新世纪版/钱学森著.-上海:上海交通大学出版社,2007.01 |
| 443页:图, 肖像;23cm.-(钱学森系统科学思想文库) |
| ISBN 7-313-04592-1:CNY58.00 |
| 全书共分两篇:论文与讲话篇汇集了钱老42篇讲话与论文;书信篇汇集了就系统学与系统科学研究钱老致77位同志的信函计130余封。附录收录了4篇论文。 |
| ● |
| 相关链接 |
|
|
|
正题名:创建系统学
索取号:F204/Q256
 
预约/预借
| 序号 | 登录号 | 条形码 | 馆藏地/架位号 | 状态 | 备注 |
| 1 | 252511 | 202525115 | 社科库409/409社科库 72排2列4层/ [索取号:F204/Q256] | 在馆 |